Welcome to CU Library Online Public Access Catalogue (OPAC)

Media Research Methodology (Record no. 9196)

MARC details
000 -LEADER
fixed length control field 00392nam a22001457a 4500
005 - DATE AND TIME OF LATEST TRANSACTION
control field 20260327202511.0
008 - FIXED-LENGTH DATA ELEMENTS--GENERAL INFORMATION
fixed length control field 260327b |||||||| |||| 00| 0 eng d
020 ## - INTERNATIONAL STANDARD BOOK NUMBER
International Standard Book Number 9788178844657
050 ## - LIBRARY OF CONGRESS CALL NUMBER
Classification number P91.3 SIK
100 ## - MAIN ENTRY--PERSONAL NAME
Personal name Sikka S. K.
245 ## - TITLE STATEMENT
Title Media Research Methodology
Statement of responsibility, etc. S. K. Sikka
250 ## - EDITION STATEMENT
Edition statement 1st Ed.
260 ## - PUBLICATION, DISTRIBUTION, ETC.
Place of publication, distribution, etc. New Delhi
Name of publisher, distributor, etc. Cyber Tech Publications
Date of publication, distribution, etc. 2009
942 ## - ADDED ENTRY ELEMENTS (KOHA)
Source of classification or shelving scheme Library of Congress Classification
Koha item type Books
Edition 1st Ed.
Suppress in OPAC No
999 ## -
-- 9196
-- 9196
Holdings
Withdrawn status Lost status Source of classification or shelving scheme Damaged status Not for loan Collection Home library Current library Shelving location Date acquired Total checkouts Full call number Barcode Date last seen Copy number Price effective from Koha item type
    Library of Congress Classification     Non-fiction Business Library (Miotso) Business Library (Miotso) General stacks 03/27/2026   P91.3 SIK BSSM00003108 03/27/2026 1 03/27/2026 Books
    Library of Congress Classification     Non-fiction Business Library (Miotso) Business Library (Miotso) General stacks 03/27/2026   P91.3 SIK BSSM00003109 03/27/2026 2 03/27/2026 Books
    Library of Congress Classification     Non-fiction Business Library (Miotso) Business Library (Miotso) General stacks 03/27/2026   P91.3 SIK BSSM00003110 03/27/2026 3 03/27/2026 Books
© 2023-2024 Copyright: Central University Libraries. All Rights Reserved | Created by: Mahone Tech Office